| 000 | 00581nam a2200097Ia 4500 | ||
|---|---|---|---|
| 008 | 170517s9999 xx 000 0 und d | ||
| 245 | _aNutrition and Behavior Aspartame (Lecture) | ||
| 300 | _aIn this lecture, Dr. Russell Blaylock explains one of the most important connections between nutrition and our health, how nutrition affects our behavior. Citing a series of important studies, he shows that good nutrition can powerfully enhance our memory, mood, and... | ||
| 650 | _xTechnology. | ||
| 856 | _uhttp://topdocumentaryfilms.com/russell-blaylock-nutrition-and-behavior-aspartame/ | ||
| 999 |
_c335064 _d335064 |
||